المرجع في لغة كوبول / (رقم التسجيلة. 88762)

تفاصيل مارك
000 -LEADER
fixed length control field 00628nam a22002057a 4500
005 - DATE AND TIME OF LATEST TRANSACTION
control field 20251108172810.0
008 - FIXED-LENGTH DATA ELEMENTS--GENERAL INFORMATION
fixed length control field 250721s1997 xx 000 0 ara d
082 14 - DEWEY DECIMAL CLASSIFICATION NUMBER
Classification number 001.6424/قاض
100 1# - MAIN ENTRY--PERSONAL NAME
Personal name القاضي، زياد عبد الكريم
245 10 - TITLE STATEMENT
Title المرجع في لغة كوبول /
246 11 - VARYING FORM OF TITLE
Title proper/short title Cobol Programming
264 1# - PRODUCTION, PUBLICATION, DISTRIBUTION, MANUFACTURE, AND COPYRIGHT NOTICE
Place of production, publication, distribution, manufacture عمان :
Name of producer, publisher, distributor, manufacturer دار المسيرة للنشر و التوزيع،
Date of production, publication, distribution, manufacture, or copyright notice 1997.
300 ## - PHYSICAL DESCRIPTION
Extent 260ص
650 17 - SUBJECT ADDED ENTRY--TOPICAL TERM
Topical term or geographic name as entry element لغات البرمجة
650 17 - SUBJECT ADDED ENTRY--TOPICAL TERM
Topical term or geographic name as entry element كوبول
650 17 - SUBJECT ADDED ENTRY--TOPICAL TERM
Topical term or geographic name as entry element الحواسيب
700 1# - ADDED ENTRY--PERSONAL NAME
Personal name البشيتي، عبد الرحيم
942 ## - ADDED ENTRY ELEMENTS (KOHA)
Source of classification or shelving scheme Dewey Decimal Classification
Koha item type كتب
المقتنيات
حالة السحب حالة الفقدان مصدر التصنيف حالة التلف غير قابل للإعارة المكتبة الرئيسية المكتبة الحالية موقع الرف تاريخ التزويد Total Checkouts رقم الإستدعاء الباركود تاريخ آخر ظهور تاريخ الفاتورة نوع المادة (كوها) الرقم المتسلسل
    Dewey Decimal Classification     مكتبة أبو علندا العامة مكتبة أبو علندا العامة الإعارة 15/02/2009   001.6424/قاض PLD00072886 28/07/2025 15/02/2009 كتب  
    Dewey Decimal Classification     مكتبة صويلح العامة مكتبة صويلح العامة الإعارة 13/05/2015   001.6424/قاض PLD00327933 28/07/2025 13/05/2015 كتب [12747]
    Dewey Decimal Classification     مكتبة وادي السير العامة مكتبة وادي السير العامة الإعارة 11/04/2016   001.6424/قاض PLD00385777 28/07/2025 11/04/2016 كتب [6278].....
Implemented & Customized by: BBB with SCIT (Smart Chains for Information Technology)

Powered by Koha